| 000 | 00378nam a2200145Ia 4500 | ||
|---|---|---|---|
| 008 | 150201s1990 xx 000 0 und d | ||
| 082 |
_a617.6 _bE1990J |
||
| 100 | _aJUNIPER, RICHARD | ||
| 245 | _aEMERGENCIES IN DENTAL PRACTICE & DIAGNOSIS | ||
| 250 | _a1ST | ||
| 260 |
_bJAYPEE MEDICAL PUBLISHER _aDELHI _c1990 |
||
| 300 | _a1-172 | ||
| 650 | _aORAL MEDICINE | ||
| 942 |
_2ddc _cBK |
||
| 999 |
_c3387 _d3387 |
||